Lana del rey - Gods & Monsters - Statistics

General Stats
  • This quiz has been taken 58 times
  • The average score is 243 of 286
Answer Stats
Answer % Correct
a
100%
an
100%
and
100%
And
100%
angel
100%
God
100%
Gods
100%
God's
100%
I
100%
In
100%
in
100%
land
100%
Monsters
100%
of
100%
the
100%
to
100%
was
100%
You
100%
you
100%
I'm
97%
it
97%
living
97%
do
95%
"Fuck
95%
get
95%
like
95%
Like
95%
me
95%
Me
95%
me"
95%
No
95%
that
95%
When
95%
be
92%
fucked
92%
garden
92%
hard
92%
hard"
92%
my
92%
on
92%
so
92%
up
92%
we
92%
away
89%
don't
89%
evil
89%
give
89%
gonna
89%
Morrison
89%
now
89%
sing
89%
take
89%
along
86%
got
86%
Jim
86%
Life
86%
life
86%
"Life
86%
looking
86%
need
86%
soul
86%
want"
86%
what
86%
your
86%
is
84%
It's
84%
it's
84%
know
84%
one's
84%
real
84%
"Baby
81%
baby?
81%
can
81%
lost
81%
said
81%
singer
81%
singing
81%
"This
81%
art
78%
'Cause
78%
for
78%
imitates
78%
isn't
78%
needed
78%
Screwed
78%
slowly
78%
yeah
78%
crazy
76%
heart
76%
heaven
76%
holiday
76%
truly
76%
you're
76%
doing
73%
groupie
73%
innocence
73%
medicine
73%
scared
73%
that's
73%
with
73%
as
70%
good
70%
If
70%
love
70%
making
70%
really
70%
straight
70%
wanna
70%
what's
70%
anything
68%
tell
68%
alright
65%
dead
65%
hands
65%
little
65%
posing
65%
prettier
65%
Shining
65%
Fame
62%
movie
62%
Put
62%
softly
62%
talk
62%
waist
62%
fiery
59%
please
59%
incognito
57%
beacon
54%
liquor
54%
Dope
51%
shoot
51%
Headed
49%
Motel
49%
towards
49%
sprees
43%
No matching quizzes found
Score Distribution
Percent of People with Each Score
Percentile by Number Answered
Your Score History
You have not taken this quiz